[Event "CFriend SL-2005-0-00029 email"]
[Site "Chessfriend.com"]
[Date "2005.03.11"]
[Round "1"]
[White "Borrell, Robert"]
[Black "McNally, Tony"]
[Result "1-0"]
[WhiteElo "1910"]
[BlackElo "1104"]
[PlyCount "65"]
[EventDate "2005.03.11"]
[EventType "tourn (corr)"]
[EventRounds "6"]
[SourceTitle "Corr 2008"]
[Source "ChessBase"]
[SourceDate "2008.06.24"]
[SourceVersion "1"]
[SourceVersionDate "2008.06.24"]
[SourceQuality "1"]

1. e4 c5 2. Nf3 d6 3. d4 cxd4 4. Nxd4 Nf6 5. Nc3 g6 6. Be3 Bg7 7. f3 0-0 8. Qd2 Nc6 9. Bc4 Bd7 10. 0-0-0 Rb8 11. h4 Ne5 12. Bb3 b5 13. Bh6 b4 14. Nd5 Nxd5 15. Bxg7 Kxg7 16. exd5 a5 17. h5 Rh8 18. hxg6 hxg6 19. f4 Ng4 20. f5 Ne5 21. Qg5 f6 22. Qe3 g5 23. Ba4 Bc8 24. g4 Rb7 25. Qe4 Qg8 26. Kb1 Rc7 27. Bc6 Rh4 28. Rxh4 gxh4 29. Rh1 Nxc6 30. dxc6 Qc4 31. b3 Qa6 32. Qe1 h3 33. Rxh3 1-0

[Event "CFriend SL-2005-0-00029 email"]
[Site "Chessfriend.com"]
[Date "2005.03.11"]
[Round "1"]
[White "McNally, Tony"]
[Black "Cornacchini, Gabriele"]
[Result "1/2-1/2"]
[WhiteElo "1104"]
[BlackElo "1549"]
[PlyCount "129"]
[EventDate "2005.03.11"]
[EventType "tourn (corr)"]
[EventRounds "6"]
[SourceTitle "Corr 2024"]
[Source "ChessBase"]
[SourceDate "2023.10.19"]
[SourceVersion "1"]
[SourceVersionDate "2023.10.19"]
[SourceQuality "1"]

1. d4 Nf6 2. Bg5 Ne4 3. Bf4 c5 4. f3 Qa5+ 5. c3 Nf6 6. d5 e6 7. dxe6 fxe6 8. e4 d5 9. exd5 exd5 10. Qe2+ Be7 11. Bd6 Nc6 12. Bxe7 Nxe7 13. Qb5+ Qxb5 14. Bxb5+ Bd7 15. Na3 Bxb5 16. Nxb5 Kd7 17. 0-0-0 Nf5 18. Rd3 Kc6 19. a4 a6 20. Na3 Rae8 21. Nh3 Ne3 22. g4 c4 23. Rd2 Nd7 24. Nc2 Nxc2 25. Kxc2 Ne5 26. f4 Nxg4 27. Rg1 Ne3+ 28. Kc1 Re7 29. Re2 g6 30. Ng5 Rhe8 31. Nf3 Nf5 32. Ne5+ Kc5 33. Rge1 b5 34. b4+ cxb3 35. axb5 a5 36. Kb2 a4 37. Ka3 Kxb5 38. Rd1 d4 39. cxd4 Rc7 40. Rdd2 Rc1 41. Kb2 Rf1 42. d5 Rxf4 43. d6 Nd4 44. d7 a3+ 45. Kxa3 Ra8+ 46. Kb2 Ra2+ 47. Kc3 Nxe2+ 48. Rxe2 Rf8 49. Re4 Rxh2 50. Kxb3 Rh3+ 51. Kc2 Rf2+ 52. Kd1 Rh1+ 53. Re1 Rxe1+ 54. Kxe1 Rf8 55. Nf7 h5 56. d8Q Rxd8 57. Nxd8 g5 58. Ne6 g4 59. Kf2 h4 60. Nd4+ Kc4 61. Nf5 h3 62. Ne3+ Kd3 63. Nxg4 h2 64. Nxh2 Ke4 65. Ng4 1/2-1/2

[Event "CFriend SL-2005-0-00029 email"]
[Site "Chessfriend.com"]
[Date "2005.03.11"]
[Round "1"]
[White "McNally, Tony"]
[Black "Kirilloff, Victor"]
[Result "0-1"]
[WhiteElo "1104"]
[BlackElo "1148"]
[PlyCount "86"]
[EventDate "2005.03.11"]
[EventType "tourn (corr)"]
[EventRounds "6"]
[SourceTitle "Corr 2008"]
[Source "ChessBase"]
[SourceDate "2008.06.24"]
[SourceVersion "1"]
[SourceVersionDate "2008.06.24"]
[SourceQuality "1"]

1. d4 d5 2. c4 c6 3. Nc3 Nf6 4. Nf3 dxc4 5. e4 b5 6. Be2 b4 7. e5 bxc3 8. exf6 cxb2 9. Bxb2 Qa5+ 10. Qd2 Qxd2+ 11. Nxd2 exf6 12. 0-0 Bb4 13. Nxc4 0-0 14. a3 Be7 15. Rfe1 Be6 16. Bg4 Bxg4 17. Rxe7 Nd7 18. Rc1 Be6 19. Na5 Rfc8 20. Rxc6 Rcb8 21. Rc2 Kf8 22. Nc6 Rb6 23. d5 Bxd5 24. Rxd7 Bxc6 25. Rc7 Ba4 26. Rd2 Rab8 27. Bc1 Re6 28. f3 a6 29. Kf2 Rbe8 30. Rd4 Re2+ 31. Kg3 Bb3 32. Ra7 Rc8 33. Bf4 g5 34. Bd6+ Kg7 35. Bc7 Be6 36. Rd6 h5 37. h3 Kg6 38. Rdxa6 Rc2 39. Ba5 R8c5 40. Bb6 R5c3 41. Ra4 h4+ 42. Kh2 Rxf3 43. Rc7 Ra2 0-1